| 000 | 00728nam a22001937a 4500 | ||
|---|---|---|---|
| 999 |
_c14799 _d14799 |
||
| 003 | AR-CdUCM | ||
| 008 | 190424b ||||| |||| 00| 0 spa d | ||
| 040 |
_aMUNICIPALIDAD PROVINCIAL DEL CUSCO _cBIBLIOTECA MUNICIPAL DEL CUSCO |
||
| 082 |
_aPI / 803.08 / _bL86 |
||
| 100 |
_aLopez Villarroel de Guerere, Virginia _933698 |
||
| 245 |
_aRagamurpeca : _b5 cuentos para niƱos / |
||
| 260 |
_aCaracas : _bUniversitaria UCV. _c2002. |
||
| 300 |
_a42 paginas ; _bIlustraciones, _c17 cm. |
||
| 505 | _aContenido : La rana Hilita --Gato azul --La corte de los murciƩlagos --Perro amarillo --El caballito lloron / | ||
| 650 |
_aLiteratura infantil _9588 |
||
| 650 |
_aCuentos _9217 |
||
| 942 |
_2ddc _cLIBROS |
||
| 945 |
_arjall _d2019-04-24 |
||